00413 a2200145 4500003000500000005001700005040000900022082001200031100002400043245008100067260006300148300000800211600002800219650002000247Nust20230201133037.0 cNust a940,SOU aSouthgate .W,george aA textbook of modern European history, 1643-1848 / cGeorge W, Southgate B.A aLondonbJ.m.Dent and sons Ltd (National Book Foundations) a442 aGeorge W, Southgate B.A aEurpean History